Guess the Billie Eilish song (no hints) #7 - Statistics

General Stats
  • This quiz has been taken 1,157 times
  • The average score is 135 of 249
Answer Stats
Hint Lyrics % Correct
I
100%
a
96%
You
96%
you
96%
the
86%
me
82%
when
82%
be
80%
your
79%
to
78%
Lyrics Don't
77%
don't
77%
my
76%
I'm
74%
love
74%
on
67%
so
67%
go
65%
that
65%
You're
64%
you're
64%
say
62%
can't
61%
Can't
61%
in
60%
know
60%
are
59%
but
58%
did
57%
mine
54%
Mine
54%
way
54%
all
52%
By
52%
have
52%
Why
51%
'cause
50%
of
49%
just
47%
one
47%
cop
45%
Copycat
45%
been
44%
sad,
44%
see
44%
things
44%
You've
44%
Watch
43%
watch
43%
back
41%
got
39%
kind
39%
same
39%
told
39%
time
38%
tryna
38%
would
38%
Now
37%
uninvited
37%
crime
36%
hate
36%
Hate
36%
Call
35%
committed
35%
sorry
35%
Sorry
35%
finger
34%
out
33%
trigger
33%
finger's
32%
glamour
32%
manner
32%
Push
32%
Take
32%
button
31%
name
31%
better
30%
everybody
30%
anyone
29%
cautious
29%
knows
29%
bunny?
28%
Poison
28%
belong
27%
clone
27%
Golden
27%
line
27%
anytime
26%
rain
26%
water
26%
bold
25%
crossed
25%
Dirty
25%
dollar
25%
run
25%
Silver
25%
italic
24%
flame
23%
Perfect
23%
tone
23%
cold
22%
murder
22%
aim
21%
cocky
19%
Psych
19%
calloused
13%
No matching quizzes found
Score Distribution
Percent of People with Each Score
Percentile by Number Answered
Your Score History
You have not taken this quiz